000
00297nam a2200109Ia 4500
008
200302s9999 xx 000 0 und d
100
_a
George Michell
245
_a
Kanara : A Land Apart- The Artistic Heritage of Coastal Karnataka
260
_b
Marg Publication
260
_c
2012
300
_a
124 P.,
999
_c
3267
_d
3267